Cálculo simbólico y numérico con Mathematica /
Guardado en:
| Autor Principal: | |
|---|---|
| Formato: | Libro |
| Idioma: | Spanish |
| Publicado: |
Madrid :
RA-MA,
c1995.
|
| Materias: | |
| Etiquetas: |
Agregar Etiqueta
Sin Etiquetas, Sea el primero en etiquetar este registro!
|
| LEADER | 00484nam a22001575a 4500 | ||
|---|---|---|---|
| 001 | MAT.inmabb003216 | ||
| 008 | 051102s1995####sp#a##########001#0#spa#d | ||
| 005 | 20170601165724.0 | ||
| 245 | 1 | 0 | |a Cálculo simbólico y numérico con Mathematica / |c César Pérez López. |
| 260 | |a Madrid : |b RA-MA, |c c1995. | ||
| 300 | |a 803 p. : |b il. ; |c 24 cm. | ||
| 020 | |a 8478971815 | ||
| 100 | 1 | |a Pérez López, César. | |
| 084 | |a 68W30 |2 msc2000 | ||
| 630 | 0 | 7 | |a Mathematica. |
| 859 | |h 68 |i P438c |p A-7339 |b BIB. MATEMATICA | ||
